Every Australian to Play in the Women's Super League - Statistics

General Stats
  • This quiz has been taken 22 times
  • The average score is 16 of 32
Answer Stats
Player Club(s) Position Caps Goals % Correct
Sam Kerr Chelsea Forward 75 58
95%
Caitlin Foord Arsenal Forward 88 26
90%
Kyra Cooney-Cross Arsenal Midfielder 24 0
90%
Steph Catley Arsenal Defender 70 3
86%
Alanna Kennedy Tottenham HotspurManchester City DefenderMidfielder 59 2
81%
Mary Fowler Manchester City ForwardMidfielder 41 6
81%
Charli Grant Tottenham Hotspur Defender 11 1
76%
Katrina Gorry West Ham United Midfielder 17 3
76%
Mackenzie Arnold West Ham United Goalkeeper 75 0
76%
Clare Hunt Tottenham Hotspur Defender 10 1
71%
Hayley Raso EvertonManchester City
Tottenham Hotspur
ForwardMidfielder 58 10
71%
Teagan Micah Liverpool Goalkeeper 10 0
71%
Courtney Nevin Leicester City Defender 36 0
67%
Emily van Egmond West Ham United ForwardMidfielder 21 4
67%
Clare Wheeler Everton Midfielder 53 0
62%
Lydia Williams ArsenalBrighton & Hove Albion Goalkeeper 18 0
62%
Charlize Rule Brighton & Hove Albion Defender 9 0
38%
Tameka Yallop West Ham United Midfielder 16 1
38%
Kyah Simon Tottenham Hotspur Forward 14 3
33%
Chloe Logarzo Bristol City Midfielder 9 3
29%
Emily Gielnik LiverpoolAston Villa Forward 36 4
29%
Remy Siemsen Leicester City Forward 16 1
29%
Aivi Luik Notts County Midfielder 14 0
19%
Alexandra Gummer Doncaster Rovers Belles Defender 1 0
19%
Caitlin Friend Notts County Forward 9 0
19%
Collette McCallum Lincoln Midfielder 8 1
19%
Danielle Brogan Notts County Defender 9 0
19%
Ella Mastrantonio Bristol City Midfielder 15 1
19%
Isobel Dalton Bristol City Midfielder 1 0
19%
Jacynta Gala West Ham United Forward 11 0
19%
Laura Alleway Lincoln Defender 3 0
19%
Tanya Oxtoby Doncaster Rovers Belles Defender 14 0
19%
No matching quizzes found
Score Distribution
Percent of People with Each Score
Percentile by Number Answered
Your Score History
You have not taken this quiz